| 000 | 00723nam a22001577a 4500 | ||
|---|---|---|---|
| 003 | OSt | ||
| 005 | 20151216143219.0 | ||
| 008 | 151216b xxu||||| |||| 00| 0 eng d | ||
| 040 | _cRUA | ||
| 082 | _aATM PRO 2001 B192 Or.1 | ||
| 100 |
_94926 _aPROM, CHANRASMEY. |
||
| 245 | _aEvalualtion of australian radial type dryer and it's effects on grain quality, ការវាយតំលៃដំណោះការម៉ាស៊ីនសំងួតអូស្រ្តាលីប្រភេទរ៉ាឌីយ៉ាល់ និងឥទ្ធិពលរបស់វាទៅលើគុណភាពគ្រាប់ស្រូវ | ||
| 260 |
_aPhnom Penh _bRUA _c2001 |
||
| 300 |
_a43p. _bill. _c29cm. |
||
| 942 |
_2ddc _cATM |
||
| 999 |
_c4576 _d4576 |
||